000 00406pab a2200169 454500
008 180718b2007 xxu||||| |||| 00| 0 eng d
100 _aNanduri, Sai Krishna
245 _aAgriculture risk management: the Yin and Yang
260 _c2007
300 _ap.39-42.
362 _aJul
650 _aAgriculture
700 _aNadella, Suneet Kumar
773 _aKurukshetra
908 _aN
909 _a75420
999 _c75420
_d75420